00614 2200229 4500001002100000005001700021008004100038035002400079041000800103043001300111082001100124090002000135245005600155250001000211260003700221300002800258650002000286700001800306700002000324850001200344999002800356YOGYA-0711000000084220110718084351.0 ind  0010-071100000000842 aInd aYOPD DIY a808.88 aDEP 808.88bKis aKISNYA - KISNYA : Kisah Nyata Yang Mendebarkan Hati aCet 1 aYogyakartabMitsaq Pustakac2010 aIV, 124 hlmc14 x 17 cm aKisah Kehidupan aJoko Suryatno aSuryani, Endang aYOPDYOG aCB - D.11 - 2010 - 1854